| 000 | 00406cam a2200145ua 4500 | ||
|---|---|---|---|
| 041 |
_aeng _h |
||
| 082 |
_a690.244 _bIND/CO |
||
| 100 | _aIndian stantard institution , . | ||
| 245 | 0 | 0 | _aCode of practice for construction of reinforced concrete shell, IS:2204-1962 |
| 260 |
_aNew Delhi : _bIndian Standards Institution , _c1984. |
||
| 300 | _a21 ; . | ||
| 504 | _a | ||
| 942 | _cBK | ||
| 999 |
_c4552 _d4552 |
||